| 000 | 01117nam a2200217 i 4500 | ||
|---|---|---|---|
| 001 | 181246 | ||
| 003 | ES-MaACL | ||
| 005 | 20250818054851.0 | ||
| 008 | 121108s1905 mx c |||| | spa d | ||
| 080 | _a821.134.2(72)-14"18" | ||
| 100 | 1 |
_aFernández Granados, Enrique. _9151805 |
|
| 245 | 1 | 0 |
_aA Don Quijote _b: composición que al premio ofrecido por "El Imparcial" para la poesía lírica, en el concurso con que el Liceo Altamirano celebró el tercer centenario de la publicación de Don Quijote, obtuvo el accésit ... / _cEnrique Fernández Granados. |
| 260 |
_aMéxico [D.F.] : _b[s.n.], _c1905 ( _fImp. por los Sucesores de Francisco Díaz de León) |
||
| 300 |
_a11 p. : _b1 retr. ; _c22 cm. |
||
| 530 | _aDisponible en formato digital. | ||
| 600 | 1 | 4 |
_aCervantes Saavedra, Miguel de, _d1547-1616. _tDon Quijote de la Mancha- _vAniversarios y centenarios _937614 |
| 650 | 7 |
_aDon Quijote (Personaje de ficción)- _vPoesías _2 _9149573 |
|
| 852 |
_aES-MaACL _jT-1082-F-2 |
||
| 856 |
_uhttp://bdh-rd.bne.es/viewer.vm?id=0000038560&page=1 _zBiblioteca Digital Hispánica |
||
| 999 |
_c181246 _d181246 |
||